000 00611nam a22001337a 4500
040 _cRUA
082 _aVEM TRY 2015 B533 Or.1
100 _aTRY SAN; ទ្រី សាន
245 _aSurvey on common swin disease in the farm at phnom srouch district, kampong speu province; ការអង្កេតជំងឺទូទៅចំពោះជ្រូកសាច់នៅកសិដ្ឋានក្នុងស្រុកភ្នំស្រួច ខេត្តកំពង់ស្ពឺ
260 _aPHNOM PENH
_bTRY
_c2015
300 _ax;35p.
_bill.
_c29cm.
856 _uTRY SAN
942 _cVEM
999 _c10864
_d10864